| 000 | 00697nam a2200229 a 4500 | ||
|---|---|---|---|
| 005 | 20210219153111.0 | ||
| 008 | 991125n 000 0 u | ||
| 035 | _aUPN01000078075 | ||
| 100 | _aProsser, Ed | ||
| 222 |
_aEUROPEAN JOURNAL OF EDUCATION : _bRESEARCH, DEVELOPMENT AND POLICIES |
||
| 245 | _aEuropean community experiences from the coalface : Some lessons from the COMETT programme | ||
| 300 | _a333-347 | ||
| 362 | _a27, No. 4, 1992 | ||
| 505 | _aJunio 1993 | ||
| 653 | 0 | _aCOOPERACION | |
| 653 | 0 | _aEDUCACION COOPERATIVA | |
| 653 | 0 | _aPROGRESO TECNOLOGICO | |
| 653 | 0 | _aRELACION ESCUELA-OCUPACION | |
| 700 | _aDurando, Marc | ||
| 904 |
_aAC _b015886 |
||
| 905 | _aArticulo | ||
| 999 |
_c68475 _d68475 |
||